000 00581ntaaa2200217 4500
003 01
005 20251027201242.0
008 0714s1973 ag 01
020 _a0878081518
040 _aAR-BaBN
_bspa
_cAR-BaBN
_eaacr
_dRIC
082 _a266.023 H66c
100 _aHodges, Melvin
245 _aThe Indigenious Church and the Missionary /
_cMelvin Hodges
250 _a1 ed.
260 _aPasadena :
_bWilliam Carey Library,
_c1978
300 _aviii, 99 p. ;
_c17,5 cm
500 _aBibligorafía: p 98-99
650 _aMisiones
650 _aIglesia-Misiones
942 _cBK
999 _c6896
_d6896